000 00593nam a2200229Ia 4500
003 OSt
005 20221005132121.0
006 a|||||r|||| 00| 0
007 ta
008 221004b |||||||| |||| 00| 0 rus d
024 _a53352
037 _cTextual
040 _aCRL
_cCRL
_brus
041 _2rus
_arus
082 _aO142,3M71x, 32J9
100 _aNair Raman C.I. Tr.
_9640622
245 0 _aThala thericha pennu
260 _c1959
650 _aRUSSIAN LITERATURE
942 _hO142,3M71x, 32J9
_cTEXL
_2cc
999 _c1062477
_d1062477